History Quiz

Random History or Famous Quiz

Finish the Famous Quote Quiz Stats

 Plays Quiz Updated Apr 19, 2015

Challenge
Share
Tweet
Embed
Score 0/26 Timer 06:00
15 Plays Today
% Correct
Stronger
99.1%
All
97.2%
Much
96.4%
Character
96.3%
There
96.1%
Country
95.5%
Dawn
95.4%
On
94.9%
Trail
94.9%
Responsibility
94.7%
Reflect
94.7%
Watching
94.3%
Fun
94.2%
% Correct
Going
93.2%
Consequences
93.2%
Doubt
93%
Bullet
92.6%
Living
92.3%
Right
92.1%
Fabulous
91.3%
Another
91.1%
Divine
89.1%
Contempt
87.3%
Invention
84.8%
Courage
82.8%
Opportunity
82.6%

You're not logged in!

Compare scores with friends on all Sporcle quizzes.
OR
Log In

You Might Also Like...

Show Comments

Extras

Top Quizzes Today


Score Distribution

Your Account Isn't Verified!

In order to create a playlist on Sporcle, you need to verify the email address you used during registration. Go to your Sporcle Settings to finish the process.

Report this User

Report this user for behavior that violates our Community Guidelines.

Details: